000 00856nam a22002777a 4500
001 9149
003 FISKH
005 20251126084338.0
008 251126b cb ||||| |||| 00| 0 eng d
020 _a9781416914129
040 _aFISKH
_beng
_cFISKH
_dFISKH
050 _aPZ7.O333 U
082 _a813.6
100 _aOgden, Charles
_eAuthor
245 _aUnder town :
_bEdgar & Ellen /
_cby Charles Ogden
260 _aNew York :
_bSimon & Schuster Inc. ,
_c2004
300 _a140 pages :
_billustrations ;
_c21 cm
505 _aR
520 _aSinister twins, Edgar and Ellen, descend into Nod's Limbs vast sewer system to uncover the mystery of a rival mischief-maker.
521 8 _a770
_bLexile
521 8 _aR
_bRaz-Plus
650 _aEdgar & Ellen
_vChildren
650 _aMiddle grade
_vMystery
942 _2ddc
_cBK
_n0
999 _c9149
_d9149